000 00804nmm a2200301 a 4500
003 AR-BaBNM
005 20251128211705.0
008 035020s2005 ||||||||||||||000 | spa||
020 _a987-43-8942-7
040 _cAR-BaBNM
100 1 _aKatz, Ricardo Santiago
245 1 0 _aAlmafuerte
_bun maestro y periodista combativo
250 _a1ª ed.
260 _aLa Plata
_bRicardo Santiago Katz
_c2005
300 0 _a210 p.
_bil.
500 0 _aContiene índice temático
504 _aContiene referencias bibliográficas
600 0 4 _aAlmafuerte
_d1854-1917
650 4 _aBIOGRAFIAS
650 4 _aESCRITORES
650 4 _aPERIODISMO
650 4 _aHISTORIA DE LA EDUCACION
650 4 _aPOESIA
650 4 _aFILOSOFIA LITERARIA
655 _aBIOGRAFIAS
942 _cBK
998 _cmartin
999 _c20730
_d20730